00453nam a22001337a 450000500170000000800410001704100130005808200140007110000410008524500900012626000480021630000300026465000250029420231030141249.0231030b |||||||| |||| 00| 0 eng d aEnglish  a347.1 NAT aNathan, CJM and Barnett, MlEnglish  aRules and Practice of the Supreme Court of South Africa /cCJM Nathan and M Barnett  aCape Town : bJuta and Co., Limited, c1959 bxxiv, 331 pages ;c26 cm. alegal practice bLaw